| 000 | 00703nam a2200193 i 4500 | ||
|---|---|---|---|
| 001 | 144073 | ||
| 003 | ES-MaACL | ||
| 005 | 20230906200934.0 | ||
| 007 | t| | ||
| 008 | 070214s1958 sp r ||||1| spa d | ||
| 100 | 1 |
_aSimonetto, Ernesto. _9106576 |
|
| 245 | 1 | 4 |
_aLos contratos de crédito / _cErnesto Simonetto ; traducción de Juan Martínez Valencia ; y notas de Derecho español por Juan V. Fuentes Lojo. |
| 260 |
_aBarcelona : _bJ. Mª Bosch, _c1958 ( _fViuda de Daniel Cochs) |
||
| 300 |
_a515 p. ; _c22 cm. |
||
| 650 | 4 |
_aContratos bancarios- _zEspaña. _9162590 |
|
| 700 | 1 |
_aMartínez Valencia, Juan. _978461 |
|
| 700 | 1 |
_aFuentes Lojo, Juan V. _952932 |
|
| 852 |
_aES-MaACL _jC-15745 _bR.43528 |
||
| 999 |
_c144073 _d144073 |
||